Light at the start of the tunnel (Record no. 83737)

MARC details
000 -LEADER
fixed length control field 00829cab a22001935a 4500
001 - CONTROL NUMBER
control field L154885
008 - FIXED-LENGTH DATA ELEMENTS--GENERAL INFORMATION
fixed length control field 120130e20120123xxk 000 0 eng d
035 ## - SYSTEM CONTROL NUMBER
System control number (Sirsi) u154885
041 0# - LANGUAGE CODE
Language code of text/sound track or separate title eng
110 2# - MAIN ENTRY--CORPORATE NAME
Corporate name or jurisdiction name as entry element EuroProperty
9 (RLIN) 1216
245 00 - TITLE STATEMENT
Title Light at the start of the tunnel
260 ## - PUBLICATION, DISTRIBUTION, ETC.
Date of publication, distribution, etc. 2012
490 #0 - SERIES STATEMENT
Series statement EuroProperty
Volume/sequential designation 23 January 2012, 9(1)
520 ## - SUMMARY, ETC.
Summary, etc. CB Richard Ellis research has estimated that Euros 115bn has been invested in European property in 2011, a 4% increase on 2010's Euros 110bn. This is in line with Jones Lang LaSalle's forthcoming "Global Capital Flows" report which sees worldwide direct property investment increasing in 2011 by 25% to US $400bn (Euros 313bn). Provides industry views on the 2012 outlook.
590 ## - LOCAL NOTE (RLIN)
Local note KA
651 #4 - SUBJECT ADDED ENTRY--GEOGRAPHIC NAME
Geographic name Europe
690 ## - LOCAL SUBJECT ADDED ENTRY--TOPICAL TERM (OCLC, RLIN)
Topical term or geographic name as entry element Commercial property
9 (RLIN) 6227
942 ## - ADDED ENTRY ELEMENTS (KOHA)
Suppress in OPAC 0
Holdings
Withdrawn status Lost status Source of classification or shelving scheme Damaged status Not for loan Home library Current library Shelving location Date acquired Total Checkouts Full call number Barcode Date last seen Copy number Price effective from Koha item type
    Dewey Decimal Classification     London London Journal article 30/01/2012   L154885 154885-1001 06/08/2019 1 06/08/2019 Journal article